Central Library OPAC University of Rajshahi

ব্যবহারিক উদ্ভদবিজ্ঞান / (Record no. 52816)

MARC details
000 -LEADER
fixed length control field 01043nam a2200277 a 4500
001 - CONTROL NUMBER
control field 52816
003 - CONTROL NUMBER IDENTIFIER
rucl marc code BD-RjUL
005 - DATE AND TIME OF LATEST TRANSACTION
control field 20211209075850.0
008 - FIXED-LENGTH DATA ELEMENTS--GENERAL INFORMATION
fixed length control field 160927s198 bg a|||| b||| 000 0 ben d
020 ## - INTERNATIONAL STANDARD BOOK NUMBER
Terms of availability : Tk. 200.00
035 ## - SYSTEM CONTROL NUMBER
System control number (BD-RjUL)52936
040 ## - CATALOGING SOURCE
Original cataloging agency BD-RjUL
Language of cataloging ben
Transcribing agency BD-RjUL
Modifying agency BD-RjUL
041 ## - LANGUAGE CODE
Language code of text/sound track or separate title ben
082 ## - DEWEY DECIMAL CLASSIFICATION NUMBER
Edition number 23
Classification number 581
Author mark and year PAB 1986
100 1# - MAIN ENTRY--PERSONAL NAME
Personal name পাশা, মোস্তাফা কামাল
9 (RLIN) 157941
245 10 - TITLE STATEMENT
Title ব্যবহারিক উদ্ভদবিজ্ঞান /
Statement of responsibility, etc. মোস্তাফা কামাল পাশা
250 ## - EDITION STATEMENT
Edition statement ১ম সং.
260 ## - PUBLICATION, DISTRIBUTION, ETC. (IMPRINT)
Place of publication, distribution, etc. ঢাকা :
Name of publisher, distributor, etc. বাংলা একাডেমী,
Date of publication, distribution, etc. ১৯৮৬ [১৩৯৩]
300 ## - PHYSICAL DESCRIPTION
Pagination খণ্ড. :
Illustrations চিত্র. ;
Size ২২ সেমি.
504 ## - BIBLIOGRAPHY, ETC. NOTE
Bibliography, etc গ্রন্থপঞ্জি সংযুক্ত
505 ## - FORMATTED CONTENTS NOTE
Formatted contents note ১ম খণ্ড--
650 ## - SUBJECT ADDED ENTRY--TOPICAL TERM
Topical term or geographic name as entry element উদ্ভদবিজ্ঞান
9 (RLIN) 157942
Topical term or geographic name as entry element Botany
9 (RLIN) 157943
Form subdivision Handbooks, manuals, etc.
Topical term or geographic name as entry element Botany
9 (RLIN) 158070
942 ## - ADDED ENTRY ELEMENTS (KOHA)
Source of classification or shelving scheme Dewey Decimal Classification
Koha item type Books
Holdings
Lost status Source of classification or shelving scheme Damaged status Not for loan Collection code Permanent Location Current Location Shelving location Date acquired Source of acquisition Cost, normal purchase price Total Checkouts Full call number Date last seen Copy number Koha item type
  Dewey Decimal Classification     Non-fiction Central Library, University of Rajshahi Central Library, University of Rajshahi   26/10/1987 Bangla Academy , Dhaka 200.00   B 581 PAB V-1 1986 27/09/2016 C-2 Books
  Dewey Decimal Classification     Non-fiction Central Library, University of Rajshahi Central Library, University of Rajshahi   26/10/1987 Bangla Academy , Dhaka 200.00   B 581 PAB V-1 1986 27/09/2016 C-3 Books